Closest Countries to New York City - Statistics

General Stats
  • This quiz has been taken 98 times
  • The average score is 24 of 28
Answer Stats
Distance to New York City Country % Correct
402 km | 250 mi Canada
100%
2,696 km | 1,675 mi Mexico
98%
2,059 km | 1,279 mi Cuba
94%
1,560 km | 969 mi Bahamas
93%
2,297 km | 1,427 mi Haiti
93%
3,042 km | 1,890 mi Dominica
90%
2,494 km | 1,550 mi Jamaica
90%
3,493 km | 2,170 mi Panama
89%
2,823 km | 1,754 mi Belize
88%
2,330 km | 1,448 mi Dominican Republic
88%
3,460 km | 2,150 mi Costa Rica
86%
2,804 km | 1,742 mi Saint Kitts and Nevis
86%
3,165 km | 1,967 mi Colombia
84%
3,270 km | 2,032 mi El Salvador
84%
2,936 km | 1,824 mi Guatemala
84%
2,949 km | 1,832 mi Honduras
84%
2,611 km | 1,622 mi United Kingdom
84%
2,809 km | 1,745 mi Antigua and Barbuda
82%
3,353 km | 2,083 mi Barbados
82%
2,997 km | 1,862 mi Nicaragua
82%
3,220 km | 2,001 mi Saint Lucia
81%
2,723 km | 1,692 mi France
80%
3,287 km | 2,042 mi Saint Vincent and the Grenadines
80%
3,525 km | 2,190 mi Trinidad and Tobago
80%
3,149 km | 1,957 mi Venezuela
79%
3,391 km | 2,107 mi Grenada
73%
2,837 km | 1,763 mi Denmark
63%
2,729 km | 1,696 mi Netherlands
60%
No matching quizzes found
Score Distribution
Percent of People with Each Score
Percentile by Number Answered
Your Score History
You have not taken this quiz